Представление документа в формате RUSMARC

ПолеНазваниеЗначение
  Тип записи a
  Библиографический уровень m
001 Контрольный номер RU/SLIB/B/208751912
005 Дата корректировки 20211012143919.0
010 Индекс ISBN __
a ISBN 5-85960-001-1 (в пер.)
d Цена 200-00; 40-00
100 Данные общей обработки __
a Данные общей обработки 20211012d1991 me y0rusy0289 02 ca
101 Язык документа 0_
a Язык текста rus
102 Страна публикации __
a Страна публикации RU
105 Кодированные данные (монография) __
a Кодированные данные (монография) c z 000yb
181 Поле кодированных данных: вид содержания _0
a Код вида содержания (ISBD) i
182 Поле кодированных данных: тип средства _0
a Код типа средства (ISBD) n
200 Заглавие и сведения об ответственности 1_
a Заглавие Галина. История жизни
f Первые сведения об ответственности Галина Вишневская
b Общее обозначение материала Текст
210 Выходные данные 1_
a Место издания Москва
c Издательство Горизонт
c Издательство Слово
d Дата издания 1991
215 Физическое описание __
a Объем 575 с.
c Иллюстрации/тип воспроизводства [40] л. портр.
d Формат 21 см
300 Общие примечания __
a Общие примечания 100000 экз.
330 Аннотация __
a Аннотация Это - автобиография русской певицы Галины Павловны Вишневской, народной артистки СССР.
517 Другие варианты заглавия 1_
a Другие варианты заглавия История жизни
600 Персоналии _1
a Персоналии (Фамилия) Вишневская, Г. П.
c Дополнение к имени певица оперная
f Даты 1926-2012
g Полное имя Галина Павловна
606 Тематические рубрики __
a Основная рубрика Музыка и зрелищные искусства
606 Тематические рубрики __
a Основная рубрика Оперный театр
610 Ключевые слова 0_
a Ключевые слова автобиографии
a Ключевые слова биографии
a Ключевые слова биографическая литература
a Ключевые слова биографические данные
a Ключевые слова биографические материалы
a Ключевые слова биографические сведения
a Ключевые слова музыкальное творчество
a Ключевые слова оперные певцы
a Ключевые слова оперные спектакли
a Ключевые слова оперный театр
a Ключевые слова певицы
a Ключевые слова персоналии
686 Индексы других классификаций __
2 Код системы rubbks
a Классификационный индекс 85.335.41(2=411.2)-8; ст85.335.41(2)г
700 Автор _1
a Фамилия Вишневская
b Имя Г. П.
f Даты 1926-2012
g Полное личное имя Галина Павловна
4 Код отношения 070
801 Источник записи _0
a Страна ru
b Организация Муниципальное бюджетное учреждение культуры "Централизованная библиотечная система" г. Сургут (Центральная городская библиотека им. А. С. Пушкина)
c Дата составления 20170517
g Правила каталогизации КиК/Михайлова; КиК/Апакова
801 Источник записи _1
a Страна ru
b Организация Муниципальное бюджетное учреждение культуры "Централизованная библиотечная система" г. Сургут (Центральная городская библиотека им. А. С. Пушкина)
c Дата составления 20170517
g Правила каталогизации КиК/Михайлова; КиК/Апакова
852 Данные о местонахождении __
j Шифр хранения 85.335.41(2=411.2)-8
c Каталожный индекс 85.335.41(2)-8
i Авторский знак В 55
p Инвентарный номер 44520
901 Тип документа __
t Тип документа m
903 Характеристики (МАРС) __
a Дата передачи 20170517
990 Данные о заказе (DOS) __
j Количество экземпляров (DOS) 1; 5
t N записи в КСУ для И/У (DOS) 201705